000 00548nam a22001937a 4500
005 20251108165527.0
008 250721s9999 xx 000 0 ara d
082 1 4 _aم/883.09/سلي
100 1 _aالبستاني، سليمان
_eمترجم
245 1 0 _aالياذة هوميروس /
264 1 _aبيروت :
_bدار المعرفة،
_c[19-].
300 _a
650 1 7 _aالشعر
650 1 7 _aاليونان
650 1 7 _aالتاريخ الأدبي
650 1 7 _aالنقد الأدبي
942 _2ddc
_cREF
999 _c30004
_d30004